01789nam a2200337 a 4500001001000000003000900010005001700019008003900036020001800075040002200093082002400115092000900139111007100148245025900219250000600478260002600484300003800510490002300548520038200571590002600953650006300979650007101042650004801113650005401161700003901215910004101254942001201295945000601307952012101313999001701434000014884DO-SdBNP20231018112057.0100127s2006 sp abd 001 0 spa d a9788486497712 aBPMSUbspacBPMSU 4222a500bF727i 2007 a b 2 aForo sobre tendencias sociales d(9: 22-24 nov. 2006:cMadrid )4 10aLos impactos sociales de la revolución científico-tecnológica :bNoveno Foro sobre Tendencias Sociales, Facultad de Ciencias Políticas y Sociología de la UNED, durante los días 22, 23 y 24 de noviembre de 2006/ceditor José Félix Tezanos  a  aMadrid :bPNUD,c2007 a498 p. :bils., mapas ; c23 cm.0 aCiencias sociales  aLos trabajos presentados analizan los impactos sociales que están tendiendo lugar como consecuencia de los cambios científico-tecnológicos, tanto desde una perspectiva general como en lo concerniente a las innovaciones concretas en los campos de la biotecnología, las tecnologías de la información y la comunicación, la robótica y la automatización avanzada.  aInventariado, 2023/VM 4aCiencia xAspectos socialesvCongresos, conferencias, etc. 4aTecnología xAspectos sociales vCongresos, conferencias, etc.  4aRobótica vCongresos, conferencias, etc.  4aAutomatización vCongresos, conferencias, etc. 1 aJosé Félix Tezanos e pról.  a VMateo V. Control de calidad BPMSU  2ddccBK a  00102ddc40708CGaBPMETbBPMETd2017-11-24l0oBPMSU CG 500 F727i 2007pBPMSU23100030r2017-11-24w2017-11-24yBK c13093d13093